The Khmer Alphabet (Full consonant values) - Statistics

General Stats
  • This quiz has been taken 64 times
  • The average score is 14 of 91
Answer Stats
Character Subscript Type Value % Correct
្ក Consonant
97%
្ខ Consonant khâ
81%
្គ Consonant
76%
្ឃ Consonant khô
65%
្ង Consonant ngô
65%
្ច Consonant châ
54%
្ជ Consonant chô
49%
្ឆ Consonant chhâ
43%
្ឈ Consonant chhô
43%
្ដ Consonant
30%
្ឌ Consonant
30%
្ម Consonant
30%
្ណ Consonant
30%
្រ Consonant
30%
្ស Consonant
30%
្យ Consonant
30%
្ឡ Consonant
27%
្ល Consonant
27%
្ញ / ញ្ Consonant nhô
27%
្ត Consonant
27%
្ទ Consonant
27%
្ហ Consonant
24%
្ឋ Consonant thâ
24%
្ឍ Consonant thô
24%
Dependent Vowel A-Series a
22%
ប/បា ្ប Consonant
22%
្ន Consonant
22%
្ផ Consonant phâ
22%
្ព Consonant
22%
្ថ Consonant thâ
22%
្ធ Consonant thô
22%
្វ Consonant
22%
្ភ Consonant phô
19%
Dependent Vowel A-Series ĕ
11%
Independent Vowel ĕ
11%
Independent Vowel ŏ / ŭ
11%
ប៉ Supplementary Consonant
11%
Dependent Vowel O-Series ŭ
11%
Dependent Vowel O-Series u
11%
Dependent Vowel O-Series ĭ
8%
Dependent Vowel O-Series i
8%
Dependent Vowel A-Series ŏ
8%
Dependent Vowel A-Series o
8%
Dependent Vowel A-Series é
5%
Dependent Vowel O-Series é
5%
Dependent Vowel A-Series ê
5%
Dependent Vowel O-Series ê
5%
Independent Vowel ê
5%
Independent Vowel ei
5%
ហ្គ Supplementary Consonant hkâ
5%
ហ្គ៊ Supplementary Consonant hkô
5%
ហ្ល Supplementary Consonant hlâ
5%
ហ្ម Supplementary Consonant hmâ
5%
ហ្ន Supplementary Consonant hnâ
5%
ហ្ស Supplementary Consonant hsâ
5%
ហ្ស៊ Supplementary Consonant hsô
5%
ហ្វ Supplementary Consonant hvâ
5%
ហ្វ៊ Supplementary Consonant hvô
5%
Independent Vowel ou
5%
្អ Consonant
5%
Dependent Vowel A-Series aeu
3%
Dependent Vowel A-Series ai
3%
Independent Vowel ai
3%
Dependent Vowel A-Series
3%
ឱ, ឲ Independent Vowel
3%
Dependent Vowel A-Series au
3%
Independent Vowel âu
3%
Independent Vowel au
3%
Dependent Vowel O-Series éa
3%
Dependent Vowel A-Series ei
3%
Dependent Vowel O-Series eu
3%
Dependent Vowel O-Series ey
3%
Dependent Vowel A-Series
3%
Dependent Vowel O-Series
3%
Dependent Vowel O-Series
3%
Dependent Vowel O-Series ŏu
3%
្ឝ Obsolete Consonant shâ
3%
Dependent Vowel A-Series
3%
Dependent Vowel O-Series
3%
Independent Vowel lœ̆
0%
Independent Vowel
0%
Dependent Vowel A-Series œ̆
0%
Dependent Vowel O-Series œ̆
0%
Dependent Vowel A-Series œ
0%
Dependent Vowel O-Series œ
0%
Dependent Vowel A-Series œă
0%
Dependent Vowel O-Series œă
0%
Obsolete Independent Vowel quk
0%
Independent Vowel rœ̆
0%
Independent Vowel
0%
្ឞ Obsolete Consonant ssô
0%
No matching quizzes found
Score Distribution
Percent of People with Each Score
Percentile by Number Answered
Your Score History
You have not taken this quiz